| 000 | 00394nam a22001577a 4500 | ||
|---|---|---|---|
| 999 |
_c2432 _d2432 |
||
| 008 | 200302b ||||| |||| 00| 0 eng d | ||
| 082 | 0 | 0 |
_a621.48 _bS6421 |
| 100 |
_92019 _aSmith, Edward C. |
||
| 245 | 1 | 0 |
_aAppiled atomic power _cby Edward C. Smith |
| 250 | _a2nd ed. | ||
| 260 |
_aLondon _bBlackie _c1947 |
||
| 300 | _axii,227 p. | ||
| 365 | _d15.00 | ||
| 650 | 0 | _aNuclear Energy | |
| 942 | _cBK | ||